Documento firmado por el [Rey Felipe V] (Record no. 4658)

MARC details
000 -CABECERA
campo de control de longitud fija 01380nam a2200289 a 4500
001 - NÚMERO DE CONTROL
campo de control BRCA_4964
005 - FECHA Y HORA DE LA ÚLTIMA TRANSACCIÓN
campo de control 20190320204900.0
008 - DATOS DE LONGITUD FIJA--INFORMACIÓN GENERAL
campo de control de longitud fija 221010s1713----sp-######v---#000-0#spa-#
041 ## - CÓDIGO DE LENGUA
Código de lengua del texto/banda sonora o título independiente spa
044 ## - CÓDIGO DEL PAÍS DE LA ENTIDAD EDITORA/PRODUCTORA
Código MARC del país sp
084 ## - OTRO NÚMERO DE CLASIFICACIÓN
Número de clasificación DOC57
Número de documento/Ítem .D63
-- 1713
245 10 - MENCIÓN DE TÍTULO
Título Documento firmado por el [Rey Felipe V]
Mención de responsabilidad, etc. Felipe V.
260 ## - PUBLICACIÓN, DISTRIBUCIÓN, ETC.
Lugar de publicación, distribución, etc. Madrid
Fecha de publicación, distribución, etc. 1713
300 ## - DESCRIPCIÓN FÍSICA
Extensión [3] fojas
Dimensiones 30 x 21 cm
500 ## - NOTA GENERAL
Nota general Documento firmado el 14 de julio de 1713
500 ## - NOTA GENERAL
Nota general Instructivo para que los Virreyes de Nueva España y el Perú, Presidentes y Fiscales, de las Audiencias, Gobernadores y Oficiales Reales, y los Arzobispos y Obispos, de aquellas Provincias, executen lo que se expresa sobre las limasmas de vino, cera y aceite de los conventos.
500 ## - NOTA GENERAL
Nota general El documento tiene la leyenda DOC. #67
500 ## - NOTA GENERAL
Nota general [Real cédula] firmada como ´Yo el Rey´
500 ## - NOTA GENERAL
Nota general Estado de conservación: Contiene dobleces en los márgenes, anotaciones y subrayado a color
506 0# - NOTA DE RESTRICCIONES AL ACCESO
Limitaciones de acceso Fondo reservado: para su consulta es necesario credencial de usuario y carta de motivos
546 ## - NOTA DE LENGUA/LENGUAJE
Nota de lengua/lenguaje Texto en: español de principios del siglo XVIII
600 14 - PUNTO DE ACCESO ADICIONAL DE MATERIA--NOMBRE DE PERSONA
Nombre de persona Felipe
Numeración V
Títulos y otros términos asociados al nombre Rey de España
Fechas asociadas al nombre 1683-1746
9 (RLIN) 12630
651 #4 - PUNTO DE ACCESO ADICIONAL DE MATERIA--NOMBRE GEOGRÁFICO
Nombre geográfico España
Subdivisión de forma Impreso con rúbricas
Subdivisión general Historia
Subdivisión cronológica Casa de Borbón, 1700
9 (RLIN) 12631
651 #4 - PUNTO DE ACCESO ADICIONAL DE MATERIA--NOMBRE GEOGRÁFICO
Nombre geográfico México
Subdivisión de forma Impreso con rúbricas
Subdivisión general Historia
Subdivisión cronológica Colonia, 1521-1821
9 (RLIN) 12600
902 ## - CATALOGADOR
Iniciales FDH
942 ## - ELEMENTOS DE PUNTO DE ACCESO ADICIONAL (KOHA)
Fuente del sistema de clasificación o colocación Library of Congress Classification
Tipo de ítem Koha Documentos
Holdings
Estado de retiro Estado de pérdida Estado dañado No para préstamo Localización permanente Ubicación/localización actual Fecha de adquisición Total de préstamos Signatura topográfica completa Código de barras Fecha visto por última vez Precio válido a partir de Tipo de ítem Koha
El ejemplar forma parte de la colección y puede ser consultado según las políticas vigentes.       Biblioteca del Museo Franz Mayer (Rogerio Casas-Alatriste) Biblioteca del Museo Franz Mayer (Rogerio Casas-Alatriste) 22/10/2010   DOC57 .D63 1713 5027 22/03/2019 22/03/2019 Documentos